000 00370 a2200169 4500
001 73535
020 _a8502058800
040 _cAnchieta - Colégio São Paulo
100 _aLopes, Sônia
240 1 0 _aBio: Volume 2
_lpor
245 1 0 _aBio: Volume 2
300 _a544
362 0 _a2006
440 1 _aSaraiva
650 4 _aCiência da vida - Biologia
942 _cBK
999 _c73535
_d73535